000 00316nam a22001217a 4500
008 211124b ||||| |||| 00| 0 eng d
020 _a9789386446626
050 _a172.2
_b1
245 _aEthics,Integrity,and Aptitude in Governance
260 _aNew Delhi
_bSAGE Publications
_c2018
300 _a1
942 _2ddc
_cBK
999 _c11908
_d11908